Catálogo
 En Linea
Vista normal Vista MARC

Entrada Nombre geográfico

Número de registros utilizados en: 22

001 - NÚMERO DE CONTROL

  • campo de control: 30520

003 - IDENTIFICADOR DEL NÚMERO DE CONTROL

  • campo de control: OSt

005 - FECHA Y HORA DE LA ÚLTIMA TRANSACCIÓN

  • campo de control: 20200615033241.0

008 - DATOS DE LONGITUD FIJA

  • campo de control de longitud fija: 200615|| aca||aabn | a|a d

040 ## - FUENTE DE LA CATALOGACIÓN

  • Centro catalogador/agencia de origen: OSt
  • Centro/agencia transcriptor: OSt

151 ## - ENCABEZAMIENTO--NOMBRE GEOGRÁFICO

  • Nombre geográfico: REPÚBLICA DOMINICANA
  • Subdivisión general: HISTORIA
  • Subdivisión cronológica: ERA DE TRUJILLO, 1930-1961
  • Subdivisión general: ENSAYOS, CONFERENCIAS, ETC

670 ## - FUENTE DE DATOS ENCONTRADOS

  • Cita de la fuente: Work cat.: (OSt)12955: Trujillo Molina, Rafael Leónidas, 1891-1961. 597, Discurso del Generalísimo Rafael L. Trujillo Molina, expresidente de la República Dominicana, Benefactor de la patria y primer Doctor Honoris Causa de la Universidad de Santo Domingo, pronunciado en el acto académico celebrado el 28 de obtubre con motivo del cuarto centenario de su fundación :, 1938.

Con tecnología Koha